טוען...

Sensitivity training: the scientific understanding of individuals

מידע ביבליוגרפי
מחבר ראשי: Smith, Henry Clay
פורמט: Printed Book
שפה:English
נושאים:
LEADER 00388nam a2200109Ia 4500
008 101008s9999 xx 000 0 eng d
100 |a Smith, Henry Clay 
245 |a Sensitivity training: the scientific understanding of individuals 
650 |a Educational Psychology 
942 |c BK 
999 |c 178686  |d 178686 
952 |0 0  |1 0  |4 0  |7 0  |9 197978  |a EDU  |b EDU  |c ST1  |d 2010-10-20  |i 36  |l 0  |p EDU36  |r 2018-08-29  |w 2018-08-29  |y BK